000 00628 a2200205 4500
999 _c8239
_d8239
010 _aENG-88366
020 _a0070658498
_c495.00
035 _aEN-71899
037 _bDBAD / PUB
082 1 4 _a005.7565
245 1 _aIBM DB2 9 new features
_cby Paul Zikopoulos...[et al.]
260 _aNew Delhi
_bTata McGraw-Hill Pubublishing
_c2007
270 _a7, West Patel Nagar,
_bNew Delhi
_e110 008
300 _axxxiii, 429p.
_c24cm ( Pbk)
500 _aIncludes index.
650 0 _aDatabase management
650 0 _aRelational databases
700 1 _aZikopoulos, Paul.
942 _adpl
_cEN
_2ddc
_h005.7565
_mIBM